| Tag |
First Indicator |
Second Indicator |
Subfields |
| LEADER |
00000cam a2200000 4500 |
| 001 |
in00000026285 |
| 005 |
20151007061225.0 |
| 008 |
750213c1911 nyu 00010 eng u |
| 010 |
|
|
|a 02026525
|
| 035 |
|
|
|a (OCoLC)01171639
|
| 035 |
|
|
|9 AAD1479AM
|
| 040 |
|
|
|c HEI
|d TXA
|d UtOrBLW
|
| 049 |
|
|
|a TXAM
|c [2825]
|
| 050 |
|
0 |
|a PS3281
|b .H5
|
| 092 |
|
|
|a 811
|b W625Yh
|
| 100 |
1 |
|
|a Higginson, Thomas Wentworth,
|d 1823-1911.
|
| 245 |
1 |
0 |
|a John Greenleaf Whittier /
|c by Thomas Wentworth Higginson.
|
| 264 |
|
1 |
|a New York :
|b Macmillan,
|c 1911
|
| 264 |
|
4 |
|c [©1902]
|
| 300 |
|
|
|a viii pages, 1 ., 196 pages ;
|c 20 cm. ,
|
| 336 |
|
|
|a text
|b txt
|2 rdacontent
|
| 337 |
|
|
|a unmediated
|b n
|2 rdamedia
|
| 338 |
|
|
|a volume
|b nc
|2 rdacarrier
|
| 490 |
1 |
|
|a English men of letters
|
| 600 |
1 |
0 |
|a Whittier, John Greenleaf,
|d 1807-1892.
|
| 830 |
|
0 |
|a English men of letters.
|
| 999 |
|
|
|a MARS
|
| 999 |
f |
f |
|s d6d8c4de-69a5-3108-9c21-c5e960015e4e
|i 20eb7076-0d2e-3974-a8fe-5a188c59a680
|t 0
|
| 952 |
f |
f |
|p ric
|a Texas A&M University
|b Rellis Campus
|c Joint Library Facility
|d Remote Storage
|t 0
|e PS3281 .H5
|h Library of Congress classification
|i unmediated -- volume
|m A14801221591
|
| 998 |
f |
f |
|a PS3281 .H5
|t 0
|l Remote Storage
|